[Event "Karlstad op"]
[Site "Karlstad"]
[Date "2022.12.29"]
[Round "6"]
[White "Holm, Kristian Stuvik"]
[Black "Carlsson, Ludvig"]
[Result "1/2-1/2"]
[WhiteElo "2483"]
[BlackElo "2349"]
[PlyCount "73"]
[EventDate "2022.12.27"]
[EventType "swiss"]
[EventRounds "8"]
[EventCountry "SWE"]
[SourceTitle "CBM 211 Extra"]
[Source "ChessBase"]
[SourceDate "2023.01.31"]
[SourceVersion "1"]
[SourceVersionDate "2023.01.31"]
[SourceQuality "1"]

1. Nf3 d5 2. e3 c5 3. b3 Nf6 4. Bb2 g6 5. c4 dxc4 6. Bxc4 Bg7 7. 0-0 Nc6 8. d4 cxd4 9. Nxd4 Nxd4 10. Qxd4 Qxd4 11. Bxd4 Bd7 12. Nc3 Bc6 13. Nb5 Bxb5 14. Bxb5+ Kf8 15. Rac1 Ne4 16. Bxg7+ Kxg7 17. Rc7 Kf6 18. Be2 Nd6 19. Bf3 a5 20. Rfc1 Rab8 21. g4 Rhc8 22. Rxc8 Nxc8 23. Bxb7 Rxb7 24. Rxc8 a4 25. Rc3 axb3 26. axb3 Kg5 27. h3 h5 28. gxh5 Kxh5 29. Kg2 e5 30. Kf3 Kh4 31. Ke4 Rb5 32. Kd3 Kxh3 33. Kc4 Rb8 34. Kd5 Kg2 35. Kxe5 Kxf2 36. Kf6 Rb4 37. Rc7 1/2-1/2

[Event "Seville op 47th"]
[Site "Seville"]
[Date "2022.07.21"]
[Round "7"]
[White "Hristodoulaki, Antonia"]
[Black "Holm, Kristian Stuvik"]
[Result "0-1"]
[WhiteElo "2067"]
[BlackElo "2463"]
[PlyCount "60"]
[EventDate "2022.07.16"]
[EventType "swiss"]
[EventRounds "9"]
[EventCountry "ESP"]
[SourceTitle "CBM 209 Extra"]
[Source "ChessBase"]
[SourceDate "2022.09.30"]
[SourceVersion "1"]
[SourceVersionDate "2022.09.30"]
[SourceQuality "1"]

1. e4 c6 2. d4 d5 3. exd5 cxd5 4. Bd3 Nc6 5. c3 e6 6. Bf4 Nge7 7. Nf3 f6 8. Qc2 g5 9. Bg3 Nf5 10. 0-0 Kf7 11. Nbd2 Nce7 12. Rae1 h5 13. h3 Kg7 14. Nb3 b6 15. Nc1 Nxg3 16. fxg3 Nf5 17. Qf2 Bd6 18. Ne2 Qc7 19. Bxf5 exf5 20. Nd2 h4 21. Qf3 Qf7 22. c4 hxg3 23. cxd5 f4 24. Nc4 Bb4 25. Rc1 b5 26. Na3 Bd2 27. Rfd1 Be3+ 28. Kf1 g4 29. Qe4 Re8 30. Qd3 gxh3 0-1

[Event "Seville op 47th"]
[Site "Seville"]
[Date "2022.07.17"]
[Round "2"]
[White "Gonzalez Marquez, Antonio Jesus"]
[Black "Holm, Kristian Stuvik"]
[Result "0-1"]
[WhiteElo "2099"]
[BlackElo "2463"]
[PlyCount "92"]
[EventDate "2022.07.16"]
[EventType "swiss"]
[EventRounds "9"]
[EventCountry "ESP"]
[SourceTitle "CBM 209 Extra"]
[Source "ChessBase"]
[SourceDate "2022.09.30"]
[SourceVersion "1"]
[SourceVersionDate "2022.09.30"]
[SourceQuality "1"]

1. e4 c5 2. Nf3 Nc6 3. d4 cxd4 4. Nxd4 g6 5. Nc3 Bg7 6. Nde2 Nf6 7. g3 0-0 8. Bg2 d6 9. 0-0 Rb8 10. a4 b6 11. Rb1 Ba6 12. Re1 Rc8 13. Na2 Bb7 14. b3 Ne5 15. Nf4 a6 16. Qe2 Qc7 17. c4 e6 18. Ba3 Rfd8 19. Rbc1 Ned7 20. Bxd6 Qxd6 21. e5 Qc7 22. Bxb7 Qxb7 23. exf6 Bxf6 24. Rcd1 Ne5 25. Rxd8+ Rxd8 26. Qe4 Nf3+ 27. Kh1 Qxe4 28. Rxe4 Rd2 29. Re2 g5 30. Kg2 gxf4 31. Kxf3 Rd3+ 32. Kxf4 Rxb3 33. a5 bxa5 34. c5 Kf8 35. c6 Rb8 36. c7 Rc8 37. Rc2 a4 38. Rc6 a5 39. Rc5 a3 40. Rxa5 Bb2 41. Rc5 Ke7 42. Kg5 Kd6 43. Rc4 Rxc7 44. Rxc7 Kxc7 45. Kh6 Kd6 46. Kxh7 Kc5 0-1

[Event "Teplice op 15th"]
[Site "Teplice"]
[Date "2022.06.20"]
[Round "3"]
[White "Holm, Kristian Stuvik"]
[Black "Fridman, Daniel"]
[Result "0-1"]
[WhiteElo "2459"]
[BlackElo "2608"]
[PlyCount "106"]
[EventDate "2022.06.18"]
[EventType "swiss"]
[EventRounds "9"]
[EventCountry "CZE"]
[SourceTitle "CBM 209 Extra"]
[Source "ChessBase"]
[SourceDate "2022.09.30"]
[SourceVersion "1"]
[SourceVersionDate "2022.09.30"]
[SourceQuality "1"]

1. e4 e5 2. Nf3 Nf6 3. Nxe5 d6 4. Nf3 Nxe4 5. d4 d5 6. Bd3 Bf5 7. 0-0 Be7 8. Re1 0-0 9. Nbd2 Nd6 10. Nf1 Bxd3 11. Qxd3 c6 12. Bf4 Na6 13. Re2 Nc7 14. Ne3 Ne6 15. Bxd6 Bxd6 16. g3 Re8 17. Rae1 Bf8 18. h4 Qf6 19. Ng4 Qg6 20. Qxg6 hxg6 21. Nge5 Nc7 22. c3 Re7 23. Kf1 Ne8 24. Nd3 Rxe2 25. Rxe2 f6 26. Nd2 Kf7 27. Kg2 Nc7 28. Kf3 Bd6 29. Nf1 a5 30. a4 b5 31. axb5 cxb5 32. Rc2 b4 33. Ne3 b3 34. Rc1 a4 35. Ra1 Ke6 36. c4 dxc4 37. Nxc4 Nb5 38. d5+ Ke7 39. Re1+ Kd8 40. Nxd6 Nxd6 41. Ke3 Rc8 42. Nb4 Rc4 43. Nc6+ Kc7 44. Nd4 Kb6 45. Rd1 Kc5 46. Ne6+ Kb4 47. Nd4 Rc5 48. Nc6+ Kb5 49. Nd4+ Kb6 50. Ne6 Rc2 51. Ra1 Nc4+ 52. Kd4 a3 53. d6 axb2 0-1

[Event "EU-ch 22nd"]
[Site "Terme Catez"]
[Date "2022.03.28"]
[Round "2"]
[White "Holm, Kristian Stuvik"]
[Black "Nguyen, Thai Dai Van"]
[Result "1/2-1/2"]
[WhiteElo "2468"]
[BlackElo "2623"]
[PlyCount "48"]
[EventDate "2022.03.27"]
[EventType "swiss"]
[EventRounds "11"]
[EventCountry "SLO"]
[SourceTitle "CBM 208"]
[Source "ChessBase"]
[SourceDate "2022.06.30"]
[SourceVersion "1"]
[SourceVersionDate "2022.06.30"]
[SourceQuality "1"]

1. d4 Nf6 2. c4 e6 3. Nc3 Bb4 4. Qc2 0-0 5. e4 d5 6. e5 Ne4 7. Bd3 c5 8. Nf3 cxd4 9. Nxd4 Nd7 10. Bf4 Ndc5 11. 0-0 Bxc3 12. bxc3 Bd7 13. Be2 Na4 14. cxd5 exd5 15. f3 Nec5 16. Qd2 Rc8 17. Rfc1 a6 18. c4 dxc4 19. Bxc4 b5 20. Bf1 Re8 21. Nb3 Be6 22. Nd4 Bd7 23. Nb3 Be6 24. Nd4 Bd7 1/2-1/2

[Event "NOR-chT Elite 2122"]
[Site "Norway"]
[Date "2022.02.06"]
[Round "6.2"]
[White "Holm, Kristian Stuvik"]
[Black "Kvaloy, Aksel Bu"]
[Result "1-0"]
[WhiteElo "2471"]
[BlackElo "2280"]
[PlyCount "73"]
[EventDate "2021.10.28"]
[EventType "team-tourn"]
[EventRounds "9"]
[EventCountry "NOR"]
[SourceTitle "EXT 2023"]
[Source "ChessBase"]
[SourceDate "2022.10.05"]
[SourceVersion "1"]
[SourceVersionDate "2022.10.05"]
[SourceQuality "1"]
[WhiteTeam "Valerenga"]
[BlackTeam "Stavanger"]
[WhiteTeamCountry "NOR"]
[BlackTeamCountry "NOR"]

1. Nf3 d5 2. c4 d4 3. b4 Bg4 4. g3 f6 5. Bg2 e5 6. 0-0 Nd7 7. b5 Ne7 8. d3 c5 9. e3 Ng6 10. Re1 dxe3 11. Bxe3 Be7 12. Nc3 0-0 13. Qc2 Be6 14. h4 Bd6 15. Nd2 f5 16. Bg5 Qb8 17. h5 Nh8 18. Nd5 Nf7 19. Bh4 Nb6 20. a4 Bxd5 21. cxd5 Qc7 22. d4 e4 23. dxc5 Qxc5 24. Qxc5 Bxc5 25. Nb3 Bb4 26. Red1 Ne5 27. d6 Nd3 28. Be7 Nc4 29. Rxd3 exd3 30. Bd5+ Kh8 31. Bxc4 Rfc8 32. Be6 Re8 33. Bd7 Rg8 34. Bxf5 d2 35. Rd1 Rgd8 36. Bxd8 Rxd8 37. d7 1-0

[Event "Wch Blitz"]
[Site "Warsaw"]
[Date "2021.12.30"]
[Round "18"]
[White "Heimann, Andreas"]
[Black "Holm, Kristian Stuvik"]
[Result "1/2-1/2"]
[WhiteElo "2581"]
[BlackElo "2464"]
[PlyCount "105"]
[EventDate "2021.12.29"]
[EventType "swiss (blitz)"]
[EventRounds "21"]
[EventCountry "POL"]
[SourceTitle "CBM 205 Extra"]
[Source "ChessBase"]
[SourceDate "2022.01.31"]
[SourceVersion "1"]
[SourceVersionDate "2022.01.31"]
[SourceQuality "1"]

1. e4 c5 2. Nf3 g6 3. c4 Bg7 4. d4 cxd4 5. Nxd4 Nc6 6. Be3 Qb6 7. Nb3 Qd8 8. Nc3 Bxc3+ 9. bxc3 Nf6 10. f3 d6 11. Be2 0-0 12. 0-0 Qc7 13. c5 dxc5 14. Nxc5 Rd8 15. Qa4 b6 16. Na6 Bxa6 17. Bxa6 Ne5 18. Bd4 Nc6 19. Rfd1 Nd7 20. Be3 Nc5 21. Bxc5 bxc5 22. Rd5 e6 23. Rxc5 Rd6 24. e5 Qb6 25. exd6 Qxc5+ 26. Kh1 Rd8 27. Rd1 Rxd6 28. Rxd6 Qxd6 29. Bf1 Qc5 30. Qc4 Qd6 31. Qd3 Qc5 32. Qc4 Qd6 33. Kg1 Ne5 34. Qe2 Qc5+ 35. Qf2 Nd7 36. Qxc5 Nxc5 37. Kf2 Kf8 38. Ke3 e5 39. f4 f6 40. fxe5 fxe5 41. h4 h6 42. Bd3 Kf7 43. Bc2 a5 44. Kf3 Kf6 45. Kg4 Ne6 46. g3 Nc5 47. a3 Ne6 48. Kf3 Nc5 49. Ke3 Kf7 50. Kf3 Kf6 51. Kg4 Ne6 52. Kf3 Nc5 53. Ke3 1/2-1/2

[Event "Wch Blitz"]
[Site "Warsaw"]
[Date "2021.12.30"]
[Round "13"]
[White "Holm, Kristian Stuvik"]
[Black "Bellahcene, Bilel"]
[Result "1-0"]
[WhiteElo "2464"]
[BlackElo "2512"]
[PlyCount "93"]
[EventDate "2021.12.29"]
[EventType "swiss (blitz)"]
[EventRounds "21"]
[EventCountry "POL"]
[SourceTitle "CBM 205 Extra"]
[Source "ChessBase"]
[SourceDate "2022.01.31"]
[SourceVersion "1"]
[SourceVersionDate "2022.01.31"]
[SourceQuality "1"]

1. Nf3 d5 2. d4 e6 3. c4 c6 4. Bg5 f6 5. Bd2 f5 6. Nc3 Nf6 7. Bf4 Be7 8. e3 0-0 9. Bd3 Bd7 10. Qb3 Bc8 11. 0-0 Kh8 12. h3 a5 13. Qc2 Ne4 14. Bh2 Nd7 15. Ne5 Nxe5 16. Bxe5 Bd6 17. Bxd6 Qxd6 18. f4 Nf6 19. c5 Qe7 20. a3 Rg8 21. b4 g5 22. b5 g4 23. Kh2 Bd7 24. bxc6 Bxc6 25. g3 gxh3 26. Be2 Rg6 27. Rg1 Rag8 28. Bf3 Qg7 29. Qf2 h5 30. Ne2 Bb5 31. Nc3 Bd3 32. Rad1 Be4 33. Nxe4 dxe4 34. Be2 h4 35. g4 Rxg4 36. Bxg4 Nxg4+ 37. Rxg4 Qxg4 38. Rg1 Qh5 39. Rxg8+ Kxg8 40. Kxh3 Qg4+ 41. Kh2 Kf7 42. Qb2 Qg3+ 43. Kh1 Qxe3 44. Qxb7+ Kf6 45. Qh7 Qf3+ 46. Kg1 Qg3+ 47. Kh1 1-0

[Event "Wch Blitz"]
[Site "Warsaw"]
[Date "2021.12.30"]
[Round "19"]
[White "Holm, Kristian Stuvik"]
[Black "Demchenko, Anton"]
[Result "0-1"]
[WhiteElo "2464"]
[BlackElo "2654"]
[PlyCount "150"]
[EventDate "2021.12.29"]
[EventType "swiss (blitz)"]
[EventRounds "21"]
[EventCountry "POL"]
[SourceTitle "CBM 205 Extra"]
[Source "ChessBase"]
[SourceDate "2022.01.31"]
[SourceVersion "1"]
[SourceVersionDate "2022.01.31"]
[SourceQuality "1"]

1. d4 Nf6 2. c4 g6 3. Nc3 Bg7 4. e4 d6 5. Be2 Nbd7 6. Nf3 e5 7. 0-0 0-0 8. Be3 c6 9. Qc2 Ng4 10. Bg5 f6 11. Bh4 Kh8 12. Rad1 Nh6 13. dxe5 dxe5 14. Nxe5 Qe7 15. Nxd7 Bxd7 16. Bg3 Nf7 17. f4 Rae8 18. Kh1 Bc8 19. Bf3 h5 20. f5 Ne5 21. fxg6 Qc5 22. b3 Rd8 23. Rxd8 Rxd8 24. Rd1 Re8 25. Bf2 Qa5 26. Bxh5 Nxc4 27. Bf3 Ne5 28. Na4 Nxf3 29. gxf3 Qh5 30. Qe2 b6 31. Rg1 f5 32. Qd3 fxe4 33. fxe4 Bg4 34. Rg3 Be2 35. Qe3 Kg8 36. Nc3 Ba6 37. Qf3 Qxf3+ 38. Rxf3 Re6 39. Rg3 Be5 40. Rf3 Rxg6 41. Bg3 Bd4 42. Bf2 Bg7 43. Re3 Bd4 44. Rf3 Bg7 45. Bg3 Bb7 46. Ne2 c5 47. Nf4 Bxe4 48. Nxg6 Bxf3+ 49. Kg1 Be4 50. Ne7+ Kf7 51. Nc8 Bb1 52. Nxa7 Bxa2 53. Nc8 b5 54. Nd6+ Ke6 55. Nxb5 Bxb3 56. Bf2 Kd5 57. Nc7+ Kc6 58. Na6 c4 59. Nb4+ Kb5 60. Nd5 Kc6 61. Nb4+ Kd6 62. Kf1 Bc3 63. Be1 Bd4 64. Bf2 Bf6 65. Ke2 Ba4 66. Be3 Bb5 67. Kd1 Ke5 68. Kc1 Ke4 69. Nc2 c3 70. Bh6 Ba4 71. Na3 Kd3 72. Bf4 Be7 73. Nb1 c2 74. Be5 Bc5 75. Bb2 Bb3 0-1

[Event "Wch Blitz"]
[Site "Warsaw"]
[Date "2021.12.29"]
[Round "6"]
[White "Gabuzyan, Hovhannes"]
[Black "Holm, Kristian Stuvik"]
[Result "0-1"]
[WhiteElo "2589"]
[BlackElo "2464"]
[PlyCount "95"]
[EventDate "2021.12.29"]
[EventType "swiss (blitz)"]
[EventRounds "21"]
[EventCountry "POL"]
[SourceTitle "CBM 205 Extra"]
[Source "ChessBase"]
[SourceDate "2022.01.31"]
[SourceVersion "1"]
[SourceVersionDate "2022.01.31"]
[SourceQuality "1"]

1. Nf3 d5 2. g3 g6 3. Bg2 Bg7 4. 0-0 Nf6 5. c4 c6 6. d4 0-0 7. Qb3 a5 8. cxd5 a4 9. Qa3 cxd5 10. Nc3 Nc6 11. b4 Ne4 12. Be3 Bg4 13. Rfd1 Nxc3 14. Qxc3 Na7 15. h3 Bxf3 16. Bxf3 Qd7 17. Rac1 Rfc8 18. Qd3 e6 19. Bd2 Nb5 20. e3 Nd6 21. Be1 f5 22. Rc5 b6 23. Rxc8+ Rxc8 24. Qa6 Qb5 25. Qxb5 Nxb5 26. Be2 Nc3 27. Bxc3 Rxc3 28. Bb5 a3 29. Rb1 Rc2 30. Ra1 Bf8 31. Ba4 Rb2 32. b5 Bb4 33. Kf1 Kf7 34. Bd1 Ke7 35. Ba4 Kd7 36. h4 Ba5 37. Kg2 Rd2 38. Bb3 Rd3 39. Rc1 Rc3 40. Rd1 Rxb3 41. axb3 Bc3 42. Kf3 a2 43. Kf4 a1Q 44. Rxa1 Bxa1 45. Kg5 Ke7 46. Kh6 Kf7 47. Kxh7 Bxd4 48. exd4 0-1